Legislatíva pre opčné obchody.

Nesúlad predpisov o obchodovaní s cennými papiermi (zákon č.214/92 Zb. o burze cenných papierov a č. 600/92 Zb. o cenných papieroch) a absencia zmienky o opčnej a termínovej burze a kúpnych zmluvách uzatváraných na nej. Zdôvodnenie potreby osobitnej právnej úpravy pre túto modernú formu obchodovania...

Descrizione completa

Salvato in:
Dettagli Bibliografici
Autore principale: Barát, Mário
Natura: Capitolo di libro
Lingua:slovacco
Soggetti:
Tags: Aggiungi Tag
Nessun Tag, puoi essere il primo ad aggiungerne!!

MARC

LEADER 00000naa a2200000 4500
001 r012826
005 20221214064911.0
041 0 |a slo 
044 |a SK 
245 1 0 |a Legislatíva pre opčné obchody.  |c Mário Barát 
520 |a Nesúlad predpisov o obchodovaní s cennými papiermi (zákon č.214/92 Zb. o burze cenných papierov a č. 600/92 Zb. o cenných papieroch) a absencia zmienky o opčnej a termínovej burze a kúpnych zmluvách uzatváraných na nej. Zdôvodnenie potreby osobitnej právnej úpravy pre túto modernú formu obchodovania, súčasti finančného trhu. 
610 2 0 |a burzy 
610 2 0 |a opcie 
610 2 0 |a Bratislavská opčná burza 
610 2 0 |a BOB Bratislava 
610 2 0 |a obchody burzové 
610 2 0 |a legislatíva 
610 2 0 |a papiere cenné 
610 2 0 |a zákony 
610 2 0 |a Slovensko 
610 2 0 |a 1992 
610 2 0 |a zmluvy kúpne 
100 1 |a Barát, Mário